বিষয়বস্তু এড়িয়ে যান
VuFind
ভাষা
English
Deutsch
Español
Français
Italiano
日本語
Nederlands
Português
Português (Brasil)
中文(简体)
中文(繁體)
Türkçe
עברית
Gaeilge
Cymraeg
Ελληνικά
Català
Euskara
Русский
Čeština
Suomi
Svenska
polski
Dansk
slovenščina
اللغة العربية
বাংলা
Galego
Tiếng Việt
Hrvatski
हिंदी
সমস্ত ক্ষেত্রসমূহ
আখ্যা
লেখক
বিষয়
ডাক সংখ্যা
আইসবিএন/আইএসএসএন
ট্যাগ
অনুসন্ধান
বিস্তৃত
অনুসন্ধান
Australian Law Journal
সাইট করুন
এই ই-মেইলটি
মুদ্রণ
নথি এক্সপোর্ট করুন
এক্সপোর্ট করুন RefWorks
এক্সপোর্ট করুন EndNoteWeb
এক্সপোর্ট করুন EndNote
permanent_link
লোডিং...
Australian Law Journal
গ্রন্থ-পঞ্জীর বিবরন
ভাষা:
English
হোল্ডিংস
বিবরন
অনুরূপ উপাদানগুলি
স্টাফেদের বিবরণ দেখুন
LEADER
00232nam a22000977a 4500
008
130212t xxu||||| |||| 00| 0 eng d
037
|c
University Library
245
|a
Australian Law Journal
300
|a
.
942
|2
udc
|c
CR
|s
1
|6
_
999
|c
140554
|d
140554
অনুরূপ উপাদানগুলি
Australian law journal
Australian Law Journal
প্রকাশিত: (1927)
Australian Law Journal Reports
প্রকাশিত: (1927)
Australian journal of chemistry /
প্রকাশিত: (1965)
Australian journal of chemistry /
প্রকাশিত: (1969)
লোডিং...